<?xml version="1.0" encoding="UTF-8"?>
<record
    xmlns:xsi="http://www.w3.org/2001/XMLSchema-instance"
    xsi:schemaLocation="http://www.loc.gov/MARC21/slim http://www.loc.gov/standards/marcxml/schema/MARC21slim.xsd"
    xmlns="http://www.loc.gov/MARC21/slim">

  <leader>00749nam a2200241   4500</leader>
  <controlfield tag="001">69361</controlfield>
  <controlfield tag="003">BD-RjUL</controlfield>
  <controlfield tag="005">20211209081857.0</controlfield>
  <controlfield tag="008">170330s1920    en ||||| |||| 001 0 eng d</controlfield>
  <datafield tag="035" ind1=" " ind2=" ">
    <subfield code="a">(BD-RjUL)</subfield>
  </datafield>
  <datafield tag="040" ind1=" " ind2=" ">
    <subfield code="a">BD-RjUL</subfield>
    <subfield code="b">eng</subfield>
    <subfield code="c">BD-RjUL</subfield>
  </datafield>
  <datafield tag="041" ind1=" " ind2=" ">
    <subfield code="a">eng</subfield>
  </datafield>
  <datafield tag="082" ind1=" " ind2=" ">
    <subfield code="2">23</subfield>
    <subfield code="a">530.141</subfield>
    <subfield code="b">FEE 1952</subfield>
  </datafield>
  <datafield tag="100" ind1=" " ind2=" ">
    <subfield code="a">Massey, W. T.</subfield>
    <subfield code="9">164913</subfield>
  </datafield>
  <datafield tag="245" ind1=" " ind2=" ">
    <subfield code="a">How Jerusalem was Won: being the record of Allenby's campaign in Palestine ... With illustrations and maps./</subfield>
    <subfield code="c">W T Massey</subfield>
  </datafield>
  <datafield tag="260" ind1=" " ind2=" ">
    <subfield code="a">NewYork :</subfield>
    <subfield code="c">1920</subfield>
    <subfield code="b">Charles Scribner's , </subfield>
  </datafield>
  <datafield tag="300" ind1=" " ind2=" ">
    <subfield code="a">x, 295 p. ;</subfield>
    <subfield code="c">22 cm</subfield>
  </datafield>
  <datafield tag="500" ind1=" " ind2=" ">
    <subfield code="a">Includes Indexes</subfield>
  </datafield>
  <datafield tag="650" ind1=" " ind2=" ">
    <subfield code="a">World War</subfield>
    <subfield code="y">1920</subfield>
    <subfield code="9">228621</subfield>
  </datafield>
  <datafield tag="650" ind1=" " ind2=" ">
    <subfield code="a">Military campaigns</subfield>
    <subfield code="9">228622</subfield>
  </datafield>
  <datafield tag="650" ind1=" " ind2=" ">
    <subfield code="a">Middle East--Palestine</subfield>
    <subfield code="9">228623</subfield>
  </datafield>
  <datafield tag="942" ind1=" " ind2=" ">
    <subfield code="2">ddc</subfield>
    <subfield code="c">BK</subfield>
  </datafield>
  <datafield tag="999" ind1=" " ind2=" ">
    <subfield code="c">69361</subfield>
    <subfield code="d">69361</subfield>
  </datafield>
  <datafield tag="952" ind1=" " ind2=" ">
    <subfield code="0">0</subfield>
    <subfield code="1">0</subfield>
    <subfield code="2">ddc</subfield>
    <subfield code="4">0</subfield>
    <subfield code="7">1</subfield>
    <subfield code="8">NFIC</subfield>
    <subfield code="a">RUCL</subfield>
    <subfield code="b">RUCL</subfield>
    <subfield code="c">Reading</subfield>
    <subfield code="d">2019-02-26</subfield>
    <subfield code="l">0</subfield>
    <subfield code="o">956.94 HAH 1920</subfield>
    <subfield code="r">2019-02-26 00:00:00</subfield>
    <subfield code="t">C-1</subfield>
    <subfield code="w">2021-12-09</subfield>
    <subfield code="y">BK</subfield>
  </datafield>
</record>
